Étude complémentaire sur la paléontologie du nummulitique Égyptien. Première parte /

محفوظ في:

المؤلف الرئيسي: Cuvillier, Jean (مؤلف)

التنسيق: كتاب

اللغة: French

منشور في: Le Caire : Imprimerie de l'Institut Francais d'archéologie Orientale, 1935.

سلاسل: Memoires de l'Institut d'Egypte ; 28.
MIE ; 28.

الموضوعات:

الوسوم: إضافة وسم

لا توجد وسوم, كن أول من يضع وسما على هذه التسجيلة!

رقم الطلب: DT43 .I625 v.28

LEADER 01064namaa2200301 4500
001 18862
003 OSt
005 20260317073633.0
008 130303s1935 ua af b 000 0 fre d
010 |a 40033447 
040 |c ARCE Library 
043 |a f-ua--- 
050 4 |a DT43 .I625 v.28 
100 1 |a Cuvillier, Jean,   |e author  |9 28505 
245 1 0 |a Étude complémentaire sur la paléontologie du nummulitique Égyptien.  |n Première parte /  |c par Jean Cuvillier. 
264 1 |a Le Caire :  |b Imprimerie de l'Institut Francais d'archéologie Orientale,  |c 1935. 
300 |a 81 pages, [5] leaves of plates :   |b illustrations ;   |c 28 cm. 
490 1 |a Memoires de l'Institut d'Egypte ;   |v 28. 
490 1 |a MIE ;   |v 28. 
500 |a Each plate preceded by leaf with descriptive letterpress, not included in collation. 
504 |a Bibliography : pages [75]-77. 
650 0 |a Nummulites.  |9 3057 
650 0 |a Paleontology  |z Egypt. 
830 0 |a Memoires de l'Institut d'Egypte ;   |v 28. 
830 0 |a MIE ;   |v 28. 
901 |a reviewed 
942 |c BK  |2 lcc 
999 |c 15930  |d 15930